Re di Prussia - Statistics

Statistiche generali
  • Questo quiz è stato fatto 56 volte
  • Il punteggio medio è 7 su 9
Statistiche sulle risposte
Hint Risposta % Corretto
1861-1888 Guglielmo I
95%
1888-1918 Guglielmo II
95%
1701-1713 Federico I
93%
1740-1786 Federico II
93%
1888-1888 Federico III
83%
1713-1740 Federico Guglielmo I
65%
1786-1797 Federico Guglielmo II
65%
1840-1861 Federico Guglielmo IV
60%
1797-1840 Federico Guglielmo III
55%
Nessun quiz corrispondente trovato
Distribuzione punteggi
Percentuale di utenti per punteggio
Percentile per numero di risposta
I tuoi punteggi nel tempo
Non hai fatto questo quiz